Strasbourg de A à Z - Statistiques

Statistiques générales
  • Ce quiz a été pris 332 fois
  • Le résultat moyen est 16 sur 26
Statistiques - réponses
Indice Réponse % Correct
A Strasbourg en est la capitale historique. Alsace
85%
C Vous trouverez ces oiseaux échassier sur les arbres et dans les parcs strasbourgeois au printemps. Cigogne
85%
R Fleuve frontalier avec l’Allemagne. Rhin
84%
H Écrivain du XIXᵉ siècle qui a admiré la cathédrale et évoqué Strasbourg dans ses écrits. Il est notamment connu pour "Les Misérables". Victor Hugo
82%
P Institution européenne où siègent plus de 700 députés. Parlement Européen
80%
Q La Meinau, la Robertsau ou l'Esplanade en sont. Quartiers
80%
S Autre nom de la knack. {Saucisse} de Strasbourg
80%
T Transport public électrique emblématique de Strasbourg, modèle pour d’autres villes françaises après sa modernisation en 1994. Tramway
80%
M Tradition festive qui attire chaque année des millions de visiteurs en décembre. Marché de Noël
79%
I Rivière traversant et entourant la ville. Ill
77%
F Chaîne montagneuse allemande visible depuis la ville, gâteau au chocolat ou avenue strasbourgeoise. Forêt Noire
74%
G Une place porte le nom de ce pionnier de l’imprimerie européenne, symbole de la diffusion du savoir et de la culture. Johannes Gutenberg
73%
K Célèbre marque de bière qui tire son nom d'un quartier de Strasbourg. Kronenbourg
73%
O Parc créé au XVIIIᵉ siècle, aujourd’hui symbole de nature et de détente dans la ville. Parc de l'{Orangerie}
73%
Z Salle de spectacles inaugurée en 2008, elle est la plus grande de son genre en France avec plus de 12 000 places. Zénith
63%
V Nom de la construction militaire emblématique de Strasbourg, conçue pour protéger la ville et aujourd’hui ouverte aux visiteurs. Barrage {Vauban}
59%
B Nom de la grande place centrale de Strasbourg, bordée par des bâtiments historiques et accueillant des événements majeurs. Broglie
58%
N Quartier impérial allemand, inscrit à l’UNESCO. Neustadt
55%
L Célèbre Rouget, qui a écrit l'hymne national. De {Lisle}
54%
W Entraîneur de football strasbourgeois qui a passé 22 ans en Premier League. Arsène Wenger
49%
J Nom d'un pavillon construit en 1804 en l'honneur de l'impératrice Pavillon {Joséphine}
42%
U Groupe de supporters historiques du Racing Club de Strasbourg, fondé au début des années 1990. {Ultras Boys} 90
31%
Y Restaurant alsacien typique de la rue du Sanglier (leur choucroute est excellente !) Chez {Yvonne}
29%
E Secteur de Strasbourg bordé par des canaux, marqué par de grands ensembles et des espaces verts. Quartier {Elsau}
23%
D Édifice emblématique du quartier européen de Strasbourg, conçu par l’architecte Richard Rogers. Palais des {Droits de l'Homme}
17%
X Technique traditionnelle de gravure sur bois, liée à l’histoire de l’imprimerie à Strasbourg. Xylographie
8%
Aucun quiz correspondant
Distribution des résultats
% des personnes avec chaque résultat
Percentile par nombre de réponses
Votre historique - résultats
Vous n’avez pas pris ce quiz